01082 a2200217 4500003000500000005001700005010001400022040000900036082001200045100003200057245004100089250001100130260002900141300002300170505045100193600003200644650001900676942001200695999001900707952013800726Nust20230128133039.0 a 76932371 cNust a922,AHM aJamil Ahmad, Khwaja9108001 aHundred great Muslims /cJamil Ahmad a1st ed aLahore,bFerozsonsc1971 axvii, 573 pb23 cm aHazrat Muhammad The Prophet of Islam (Page-3), Great Leaders (Page-12), Great Women (Page-67), Religious Teachers (Page-81), Sufis and Saints (Page-119), Thinkers and Scientists (Page-141), Poets and writes (Page-197), Artist and Musicians (Page-263), Reformers, Revolutionaries and Patriots (Page-291) ,Rules, Statesman and Administrators (Page-359), Soldiers, General and Conquerors (Page-431), Historians, Geographers and Explorers (Page-489). aJamil Ahmad, Khwaja9108001 aBiography9461 2ddccBK c186939d186939 00102ddc4070aMCSbMCScGENd2016-12-12j4l1o922,AHMpMCS1986r2026-04-14s2026-01-20w2016-12-12yBKzAlmirah No.59, Shelf No.2